00000000cam 2200000zi 4500
0019.963345
003CaOODSP
00520260605141401
006m     o  d f      
007cr |n|||||||||
008260605e199407  onc     o    f000 0 fre d
040 |aCaOODSP|bfre|erda|cCaOODSP
043 |an-cn---
0861 |aJS82-108/1994F-PDF
24503|aLa stratégie correctionnelle.
264 1|a[Ottawa] : |bService correctionnel Canada = Correctional Service Canada, |c[1994]
300 |a1 ressource en ligne (12 pages)
336 |atexte|btxt|2rdacontent/fre
337 |ainformatique|bc|2rdamedia/fre
338 |aressource en ligne|bcr|2rdacarrier/fre
500 |aÉdition numérisée de l'imprimé [par Sécurité publique Canada].
500 |aPublié aussi en anglais sous le titre : The correctional strategy.
61026|aService correctionnel Canada|xGestion.
650 6|aServices correctionnels|xPolitique gouvernementale|zCanada.
7102 |aService correctionnel Canada, |eorganisme de publication.
77508|tThe correctional strategy.|w(CaOODSP)9.957906
85640|qPDF|s285 Ko|uhttps://publications.gc.ca/collections/collection_2026/sp-ps/JS82-108-1994-fra.pdf